000 00784nam a2200289Ia 4500
003 OSt
005 20221006144445.0
006 a|||||r|||| 00| 0
007 ta
008 221006b |||||||| |||| 00| 0 eng d
020 _a8185097151
_c350.00
020 _a9788185097152
024 _a11,722
037 _cTextual
040 _aEASL
_cEASL
_beng
041 _2eng
_aeng
082 _aV2:19.N76, M8
100 _aPande D. C.
_9652063
245 0 _aIndia's foreign policy as an exercise in non-alignment
260 _aNainital
_bGyanodaya Prakashan
_c1988
300 _a488p.
_ccm.
490 _v Gen
650 _a Gen
650 _aIndia - foreign relations
_928675
942 _hV2:19.N76, M8
_cTEXL
_2CC
999 _c1079808
_d1079808